| 000 | 00704nam a2200181Ia 4500 | ||
|---|---|---|---|
| 008 | 151202s9999||||xx |||||||||||||| ||und|| | ||
| 082 | _bPNVM-74224 | ||
| 100 | _aशिरोडकर दासू. | ||
| 245 | _aकातळ कड्यावर मध्यान प्रहरी. | ||
| 260 | _b"डिंपल पब्लिकेशन,ठाणे." | ||
| 260 | _c74224 | ||
| 300 | _a159 | ||
| 600 | _aशिरोडकर दासू. | ||
| 630 | _aकातळ कड्यावर मध्यान प्रहरी. | ||
| 700 | _aशिरोडकर दासू. | ||
| 730 | _aकातळ कड्यावर मध्यान प्रहरी. | ||
| 942 | _cBOOK | ||
| 999 |
_c1340885 _d1340882 |
||